| Tag |
First Indicator |
Second Indicator |
Subfields |
| LEADER |
00000cam a2200000 a 4500 |
| 001 |
in00001395721 |
| 005 |
20151020051721.0 |
| 008 |
970401s1997 okuab b s001 0aeng |
| 010 |
|
|
|a 97014203
|
| 020 |
|
|
|a 0806129735 (cloth : alk. paper)
|
| 035 |
|
|
|a (OCoLC)36739616
|
| 035 |
|
|
|9 AHM0641AM
|
| 040 |
|
|
|a DLC
|c DLC
|d TXA
|d UtOrBLW
|
| 043 |
|
|
|a n-us-nm
|a n-mx---
|
| 049 |
|
|
|a TXAM
|
| 050 |
0 |
0 |
|a E99.C68
|b S65 1997
|
| 082 |
0 |
0 |
|a 973.8/2
|2 21
|
| 245 |
0 |
0 |
|a Making peace with Cochise :
|b the 1872 journal of Captain Joseph Alton Sladen /
|c edited by Edwin R. Sweeney ; foreword by Frank J. Sladen, Jr.
|
| 264 |
|
1 |
|a Norman :
|b University of Oklahoma Press,
|c [1997]
|
| 264 |
|
4 |
|c ©1997
|
| 300 |
|
|
|a xxiii, 179 pages :
|b illustrations, map ;
|c 23 cm.
|
| 336 |
|
|
|a text
|b txt
|2 rdacontent
|
| 337 |
|
|
|a unmediated
|b n
|2 rdamedia
|
| 338 |
|
|
|a volume
|b nc
|2 rdacarrier
|
| 504 |
|
|
|a Includes bibliographical references (pages [165]-169) and index.
|
| 600 |
1 |
0 |
|a Sladen, Joseph Alton,
|d -1911
|x Diaries.
|
| 650 |
|
0 |
|a Chiricahua Indians
|x Wars.
|
| 650 |
|
0 |
|a Chiricahua Indians
|v Treaties.
|
| 650 |
|
0 |
|a Apache Indians
|x Wars, 1872-1873
|x Personal narratives.
|
| 600 |
1 |
0 |
|a Cochise,
|c Apache chief,
|d 1805?-1874.
|
| 600 |
1 |
0 |
|a Howard, O. O.
|q (Oliver Otis),
|d 1830-1909.
|
| 700 |
1 |
|
|a Sweeney, Edwin R.
|q (Edwin Russell),
|d 1950-
|
| 999 |
|
|
|a MARS
|
| 999 |
f |
f |
|s c7e3aeba-42ed-3b69-b75b-901ec463635f
|i 512cceb5-e436-35e1-a82d-0599e40f65bb
|t 0
|
| 952 |
f |
f |
|p ric
|a Texas A&M University
|b Rellis Campus
|c Joint Library Facility
|d Remote Storage
|t 0
|e E99.C68 S65 1997
|h Library of Congress classification
|i unmediated -- volume
|m A14822138062
|
| 998 |
f |
f |
|a E99.C68 S65 1997
|t 0
|l Remote Storage
|